Szczegóły MARC21

Rozmowy o śmierci i umieraniu /

003 -Nazwa inst., której nr kontr. jest w polu 001 [,]
    • @
    • Nazwa instytucji, której n kontrolny jest w polu 001
    • NUKAT
005 -DATA I CZAS OSTATNIEJ MODYFIKACJI [,]
    • @
    • pole kontrolne
    • 20241231094827.0
020 -Międzynarod. znormalizowany nr książki - ISBN [ , ]
    • a
    • Numer ISBN
    • 838559468X Find
040 -Instytucja sporządzająca opis [ , ]
    • a
    • Instytucja, która sporządziła opis (NP)
    • TOR U/EC
    • c
    • Instytucja, która sporządziła rekord (NP)
    • TOR U/EC
    • d
    • Instytucja, która zmodyfikowała rekord (P)
    • TOR U/AP
    • d
    • Instytucja, która zmodyfikowała rekord (P)
    • LUBL KUL/IP
    • d
    • Instytucja, która zmodyfikowała rekord (P)
    • Ł U/MRs
    • d
    • Instytucja, która zmodyfikowała rekord (P)
    • WR U/dl
041 -Język dokumentu [1, ]
    • a
    • Język tekstu (P)
    • polski
    • h
    • Język tekstu oryginalnego i/lub pośredniego (P)
    • angielski
942 -Rodzaj dokumentu [ , ]
    • c
    • Rodzaj dokumentu
    • Książka
100 -Hasło główne - nazwa osobowa [1, ]
    • a
    • Nazwa osobowa (NP)
    • Kübler-Ross, Elisabeth
    • d
    • Daty biograficzne (NP)
    • (1926-2004).
    • 9
    • KHW
    • 241831
240 -Tytuł ujednolicony [1,0]
    • a
    • Tytuł ujednolicony
    • On death and dying
    • l
    • Język tekstu
    • (pol.)
    • 9
    • KHW
    • 443881
245 -Strefa tytułu i oznaczenia odpowiedzialności [1,0]
    • a
    • Tytuł
    • Rozmowy o śmierci i umieraniu / Find
    • c
    • Pozostałe elementy strefy tytułu i oznaczenia odpowiedzialności (NP)
    • Elisabeth Kübler-Ross ; przeł. Irena Doleżal-Nowicka.
260 -Strefa adresu wydawniczego [ , ]
    • a
    • Miejsce wydania (P)
    • Poznań :
    • b
    • Nazwa wydawcy (P)
    • Media Rodzina,
    • c
    • Data wydania (P)
    • cop. 1998.
300 -Strefa opisu fizycznego [ , ]
    • a
    • Określenie formy książki i/lub objętość (NP)
    • 275 s. ;
    • c
    • Format (NP)
    • 21 cm.
336 -Typ zawartości [ , ]
    • a
    • Termin opisujący typ zawartości
    • Tekst
    • b
    • Kod określający zawartość
    • txt
    • 2
    • Źródło (terminu i kodu)
    • rdacontent
337 -Typ mediów [ , ]
    • a
    • Tryb odtwarzania
    • Bez urządzenia pośredniczącego
    • b
    • Kod typu mediów
    • n
    • 2
    • Źródło (terminu i kodu)
    • rdamedia
338 -Typ/rodzaj nośnika [ , ]
    • a
    • Hasło opisujące typ nośnika
    • Wolumin
    • b
    • Kod typu nośnika
    • nc
    • 2
    • Źródło (terminu i kodu)
    • rdacarrier
080 -Uniwersalna Klasyfikacja Dziesiętna [ , ]
    • a
    • Symbol klasyfikacji
    • 573.7.017.6
    • 9
    • UKD
    • 4354
    • 2
    • Identyfikator wydania tablic
    • UDC-P058
    • b
    • Dopowiedzenie
    • Rozwój. Starzenie się. Śmierć. Długowieczność.
080 -Uniwersalna Klasyfikacja Dziesiętna [ , ]
    • a
    • Symbol klasyfikacji
    • :612.67
080 -Uniwersalna Klasyfikacja Dziesiętna [ , ]
    • a
    • Symbol klasyfikacji
    • :179.7
080 -Uniwersalna Klasyfikacja Dziesiętna [ , ]
    • a
    • Symbol klasyfikacji
    • :174
080 -Uniwersalna Klasyfikacja Dziesiętna [ , ]
    • a
    • Symbol klasyfikacji
    • :130.2
650 -Hasło przedmiotowe [ ,7]
    • a
    • Hasło przedmiotowe
    • Chorzy w fazie terminalnej
    • x
    • Określnik rzeczowy
    • psychologia.
    • 2
    • Źródło terminu
    • kaba
    • 9
    • KHW
    • 104836
650 -Hasło przedmiotowe [ ,7]
    • a
    • Hasło przedmiotowe
    • Śmierć
    • x
    • Określnik rzeczowy
    • aspekt psychologiczny.
    • 2
    • Źródło terminu
    • kaba
    • 9
    • KHW
    • 140576
980 -Symbol UKD [ , ]
    • a
    • UKD
    • 573.7.017.6:612.67:179.7:174:130.2
700 -Hasło dodatkowe - nazwa osobowa [1, ]
    • a
    • Nazwa osobowa (NP)
    • Doleżal-Nowicka, Irena Find
    • d
    • Daty biograficzne (NP)
    • (1923-2017).
    • e
    • Określenie rodzaju współpracy
    • Tł.
    • 9
    • KHW
    • 52400
920 -ISBN [ , ]
    • a
    • ISBN
    • 83-85594-68-X Find
Numer inwentarzowy Status udost. Lokalizacja Data inwentaryzacji
Pd.125721BG1999-07-13
F.297881BNS2000-05-31